[Event "WWRR Elo 2018"]
[Site "Wachtebeke"]
[Date "2018.02.12"]
[Round "4"]
[White "Van Malder, Dries"]
[Black "Van Houtte, Randy"]
[Result "1-0"]
[WhiteElo "2032"]
[BlackElo "2067"]
[Annotator "NA RC"]
[PlyCount "73"]
[EventDate "2018.??.??"]
[EventCountry "BEL"]
[SourceTitle "playchess.com"]
[Source "ChessBase"]
[SourceQuality "1"]
[TimeControl "40/5400+30:900+30"]

{[%evp 8,73,2,16,18,16,19,23,22,8,33,33,47,37,85,62,32767,63,72,0,107,75,75,93,152,149,142,131,107,108,183,168,189,170,178,165,202,217,173,213,247,235,231,155,162,168,210,182,252,202,436,526,597,287,539,249,400,476,950,1272,2529,29980,29980,29985,29996,29997,29997,29998]} 1. d4 {[%emt 0:00:00]} d5 {[%emt 0:06:36]} 2. c4 {[%emt 0:00:00]} e6 {[%emt 0:00:05]} 3. Nc3 {[%emt 0:00:00]} Nf6 {[%emt 0:00:05]} 4. cxd5 {[%emt 0:00:18]} exd5 {[%emt 0:00:21]} 5. Bg5 {[%emt 0:00:09]} Be7 {[%emt 0:00:11]} 6. e3 {[%emt 0:00:05]} c6 {[%emt 0:00:20]} 7. Bd3 {[%emt 0:00:07]} h6 {[%emt 0:01:39]} 8. Bh4 {[%emt 0:00:06]} Be6 {[%emt 0:02:19]} 9. Nge2 {[%emt 0:00:09] D35: Queen's Gambit Declined: Exchange Variation} Qd7 {[%emt 0:01:12]} (9... O-O 10. O-O Re8 11. Qc2 Nbd7 12. a3 Nh5 13. Bxe7 Qxe7 14. b4 Nb6 15. Na4 Nxa4 16. Qxa4 a6 17. Qc2 g6 18. Rfc1 Ng7 19. Rab1 Bf5 {½-½ (56) Bjuhr,A (2498)-Rozenberg,D (2434) ICCF email 2011}) 10. O-O $146 {[%emt 0:01:00]} ({Predecessor:} 10. Qc2 b5 11. Nf4 Bg4 12. Bxf6 Bxf6 13. Nfxd5 Bd8 14. Nf4 Na6 15. a3 Nc7 16. Ne4 {1-0 (43) Prieto Velasco,R (1762)-Hogerhorst,T (1957) Goch 2011}) 10... Bf5 {[%emt 0:01:07]} 11. f3 {[%emt 0:01:49]} Bxd3 {[%emt 0:02:03]} 12. Qxd3 {[%emt 0:00:09]} Na6 {[%emt 0:02:18]} 13. e4 {[%emt 1:32:38]} (13. Rae1 $14) 13... Nb4 {[%emt 0:26:22]} (13... Nxe4 $11 {keeps the balance.} 14. fxe4 Bxh4) 14. Qb1 {[%emt 0:00:00]} dxe4 {[%emt 0:12:04]} 15. fxe4 {[%emt 0:00:00]} Ng4 {[%emt 0:00:44]} 16. Bxe7 {[%emt 0:00:00]} Qxe7 {[%emt 0:00:14]} 17. Qc1 {[%emt 0:00:00]} Qg5 {[%emt 0:07:30]} 18. Nf4 {[%emt 0:00:00]} O-O {[%emt 0:04:12]} (18... O-O-O $16) 19. a3 {[%emt 0:00:00]} Na6 {[%emt 0:00:47]} 20. h3 {[%emt 0:00:00]} Nf6 {[%emt 0:02:29] [#]} 21. e5 $1 {[%emt 0:00:00]} Nh7 {[%emt 0:06:23]} 22. Ne4 {[%emt 0:00:00]} Qd8 {[%emt 0:00:23]} 23. Nd6 {[%emt 0:00:00]} Nc7 {[%emt 0:03:04]} 24. Qc4 {[%emt 0:00:00]} Nb5 {[%emt 0:03:37]} 25. Nxb5 {[%emt 0:00:00]} cxb5 {[%emt 0:00:14] [#]} 26. Qd3 $1 {[%emt 0:00:00]} ({Don't play} 26. Qxb5 $6 Qxd4+ 27. Kh1 Rae8 $11) 26... Qb6 {[%emt 0:01:30]} (26... Re8 $16 27. Rae1 Rc8) 27. Nd5 {[%emt 0:00:00]} Qa5 {[%emt 0:04:28]} 28. b4 {[%emt 0:00:00]} Qa4 $2 {[%emt 0:01:02] [#]} (28... Qd8 {was necessary.}) 29. e6 $1 {[%emt 0:00:00]} fxe6 {[%emt 0:07:02]} 30. Ne7+ {[%emt 0:00:00]} Kh8 {[%emt 0:00:05]} 31. Ng6+ {[%emt 0:00:00]} Kg8 {[%emt 0:00:06]} 32. Nxf8 {[%emt 0:00:00]} Nxf8 {[%emt 0:00:10]} 33. Rac1 {[%emt 0:00:00]} Qa6 {[%emt 0:01:12]} 34. Rc7 {[%emt 0:00:00]} e5 {[%emt 0:00:22]} 35. Rff7 {[%emt 0:00:00]} Ne6 {[%emt 0:01:00] [#]} 36. Qg6 $1 {[%emt 0:00:00]} Kh8 {[%emt 0:00:39] [#]} 37. Rxg7 {[%emt 0:00:00]} 1-0

[Event "WWRR Elo 2018"]
[Site "Wachtebeke"]
[Date "2018.02.12"]
[Round "4"]
[White "Van De Wynkele, Eric"]
[Black "Verheyen, Olivier"]
[Result "1-0"]
[WhiteElo "2016"]
[BlackElo "2001"]
[Annotator "NA RC"]
[PlyCount "94"]
[EventDate "2018.??.??"]
[EventCountry "BEL"]
[SourceTitle "playchess.com"]
[Source "ChessBase"]
[SourceQuality "1"]
[TimeControl "40/5400+30:900+30"]

{[%evp 8,94,19,16,22,15,19,24,14,-18,0,0,0,-32,-27,-58,-37,-62,-33,-35,-33,-39,11,-51,-30,-50,-35,-110,-116,-122,-112,-135,-141,-98,0,-22,-13,-23,-8,-37,162,78,95,87,254,189,193,82,89,32,228,108,107,0,0,0,0,0,0,0,0,0,0,0,0,0,0,0,0,0,19,29,33,0,0,0,70,77,149,32767,155,154,166,125,318,58,51,56,6079]} 1. e4 {[%emt 0:05:41]} e5 {[%emt 0:00:08]} 2. Nf3 {[%emt 0:00:04]} Nc6 {[%emt 0:00:13]} 3. Bc4 {[%emt 0:00:06]} Bc5 {[%emt 0:00:07]} 4. c3 {[%emt 0:01:05]} Nf6 {[%emt 0:00:22]} 5. d3 {[%emt 0:00:12]} a6 {[%emt 0:00:26]} 6. h3 {[%emt 0:01:47] C54: Giuoco Piano: 4 c3 Nf6, main lines with 5 d4 and 5 d3} (6. a4 d6 7. O-O h6 8. Re1 O-O 9. h3 Re8 10. b4 Ba7 11. Nbd2 Qe7 12. Nf1 Be6 13. Be3 Bxc4 14. dxc4 Qe6 15. Bxa7 Nxa7 {1-0 (47) Karjakin,S (2760)-Mamedyarov,S (2799) Riadh 2017}) 6... Ba7 {[%emt 0:00:33]} 7. Bb3 {[%emt 0:00:50]} d5 {[%emt 0:01:48] LiveBook: 12 Games} 8. Qe2 {[%emt 0:06:00]} dxe4 {[%emt 0:01:07]} 9. dxe4 {[%emt 0:00:03]} O-O {[%emt 0:01:39]} 10. g4 $146 {[%emt 0:02:31]} ({Predecessor:} 10. Nbd2 Re8 11. Nf1 Be6 12. Bc2 b5 13. Ne3 Nd7 14. O-O Bxe3 15. Qxe3 {1-0 (39) Uuriintuya,U (2255)-Mungunzul,B (1739) Uliastai 2016}) 10... Qe7 {[%emt 0:06:26]} 11. Nbd2 {[%emt 0:00:29]} Be6 {[%emt 0:02:34]} 12. Bc2 {[%emt 0:00:01]} Rfd8 {[%emt 0:04:25]} 13. Nf1 {[%emt 0:02:32]} b5 {[%emt 0:01:32]} 14. Ne3 {[%emt 0:05:18]} Nd7 {[%emt 0:19:33]} 15. b3 {[%emt 0:13:19]} b4 {[%emt 0:10:44]} 16. Nd5 {[%emt 0:05:12]} Qd6 {[%emt 0:02:28]} 17. Be3 {[%emt 0:23:49]} (17. Nxb4 $15 Nxb4 18. cxb4) 17... bxc3 {[%emt 0:04:32]} 18. Rd1 {[%emt 0:01:38]} Bxd5 {[%emt 0:00:44]} 19. Bxa7 {[%emt 0:03:40]} Nxa7 {[%emt 0:06:01]} 20. Rxd5 {[%emt 0:05:29]} Qc6 {[%emt 0:05:01]} (20... Qf6 $17 21. O-O c6) 21. Qd3 {[%emt 0:03:29]} f6 {[%emt 0:00:52]} 22. O-O {[%emt 0:00:34]} Nb5 {[%emt 0:05:24]} 23. b4 {[%emt 0:01:15]} Kf8 $2 {[%emt 0:03:31]} (23... Nd6 $11 {and Black has nothing to worry.}) 24. Ba4 {[%emt 0:01:44]} Ke7 {[%emt 0:01:58]} 25. Rd1 {[%emt 0:00:24]} Qe6 $2 {[%emt 0:07:09]} (25... Ke8 $16 {was worth a try.}) 26. Nh4 {[%emt 0:08:58]} ({Weaker is} 26. Bxb5 axb5 27. Qxc3 c6 $14) 26... g6 {[%emt 0:00:32] [#]} 27. Bxb5 {[%emt 0:01:24]} (27. Bb3 $142 $1) 27... axb5 $11 {[%emt 0:14:11]} 28. Qxc3 {[%emt 0:00:23]} Ra6 $2 {[%emt 0:00:00]} (28... c6 $14 29. R5d3 Rxa2) 29. Rxb5 {[%emt 0:01:40]} (29. Qxc7 $18 Qc6 30. Qxc6 Rxc6 31. g5 (31. Rxb5 Ra8 $16)) 29... Rc6 {[%emt 0:00:00]} 30. Qd2 {[%emt 0:00:25]} (30. Qe3 $16) 30... Rd6 {[%emt 0:00:00]} 31. Rd5 {[%emt 0:01:01]} Nb6 $1 {[%emt 0:00:00]} 32. Rxd6 {[%emt 0:01:13]} Rxd6 {[%emt 0:00:00]} 33. Qc2 {[%emt 0:00:18]} Rxd1+ {[%emt 0:00:00]} 34. Qxd1 {[%emt 0:00:01]} Qxa2 {[%emt 0:00:00]} 35. Qc1 {[%emt 0:01:03]} Qc4 {[%emt 0:00:00]} 36. Qh6 {[%emt 0:00:19]} Qf7 {[%emt 0:00:00]} 37. Qe3 {[%emt 0:01:29]} Qc4 {[%emt 0:00:00]} 38. Qh6 {[%emt 0:00:49]} Qg8 {[%emt 0:00:01]} 39. g5 $1 {[%emt 0:01:36]} Nd7 {[%emt 0:00:30]} 40. gxf6+ {[%emt 0:02:09]} Nxf6 {[%emt 0:15:21]} 41. Qg5 {[%emt 0:00:30]} Qc4 {[%emt 0:00:00]} (41... Qe6 $11) 42. Qxe5+ {[%emt 0:00:39]} Qe6 {[%emt 0:00:00]} (42... Kf7 $142) 43. Qxc7+ {[%emt 0:01:10]} Nd7 {[%emt 0:00:00]} 44. Qf4 {[%emt 0:03:43]} Qxh3 {[%emt 0:00:00]} 45. Nf3 {[%emt 0:00:16]} Nf6 $2 {[%emt 0:00:00]} (45... Qe6 $16 46. Kg2 h5) 46. Qe5+ $2 {[%emt 0:02:44]} (46. Ng5 $18 Qg4+ 47. Qxg4 Nxg4 48. Nxh7) 46... Qe6 {[%emt 0:00:00]} 47. Qc5+ {[%emt 0:01:33]} Qd6 $18 {[%emt 0:00:00]} (47... Ke8 $14 48. Qc3 h5) 1-0

[Event "WWRR Elo 2018"]
[Site "Wachtebeke"]
[Date "2018.02.12"]
[Round "4"]
[White "Sinke, Wim"]
[Black "Roels, Frederik"]
[Result "1-0"]
[WhiteElo "1887"]
[BlackElo "1914"]
[Annotator "NA RC"]
[PlyCount "71"]
[EventDate "2018.??.??"]
[EventCountry "BEL"]
[SourceTitle "playchess.com"]
[Source "ChessBase"]
[SourceQuality "1"]
[TimeControl "40/5400+30:900+30"]

{[%evp 8,70,41,22,43,13,14,-4,48,16,25,18,52,42,65,43,68,40,120,130,117,97,142,91,100,36,89,78,95,88,120,80,97,70,75,48,85,88,102,77,81,70,84,68,79,106,126,76,55,74,69,27,827,38,117,99,1411,1944,1404,1675,1913,5675,29984,2251,29999]} 1. d4 {[%emt 0:00:00]} Nf6 {[%emt 0:02:43]} 2. Nf3 {[%emt 0:00:00]} g6 {[%emt 0:00:25]} 3. g3 {[%emt 0:00:22]} b6 {[%emt 0:00:06]} 4. c4 {[%emt 0:00:29]} Bb7 {[%emt 0:00:15]} 5. Nc3 {[%emt 0:01:01]} Bg7 {[%emt 0:00:10]} 6. Bg2 {[%emt 0:00:48] LiveBook: 52 Games} O-O {[%emt 0:00:22]} 7. O-O {[%emt 0:00:09]} d6 {[%emt 0:00:14]} 8. b3 {[%emt 0:05:57]} c5 {[%emt 0:02:44]} 9. Bb2 {[%emt 0:04:00]} Nbd7 {[%emt 0:03:53] A30: Symmetrical English: Double Fianchetto and Hedgehog} (9... cxd4 10. Qxd4 Nbd7 11. Qd2 Rc8 12. Rac1 a6 13. Rfd1 Rc7 14. Nd4 Bxg2 15. Kxg2 Qa8+ 16. f3 Rd8 17. e4 e6 18. Nc2 Ne8 19. Ne3 h5 {1-0 (43) Karjakin,S (2785)-Salem,A (2656) Doha 2016}) 10. d5 {[%emt 0:02:34]} a6 {[%emt 0:00:43]} 11. a4 {[%emt 0:00:50]} Qc7 {[%emt 0:03:57]} 12. Qc2 {[%emt 0:10:59]} Ne5 $146 {[%emt 0:02:01]} ({Better is} 12... e6 $14) ({Predecessor:} 12... Rfe8 13. Rad1 Rad8 14. e3 e6 15. dxe6 fxe6 16. Rd2 {½-½ (70) Dogdu,M (2043)-Inan,C (1845) Manavgat 2016}) 13. Nxe5 {[%emt 0:02:46]} dxe5 {[%emt 0:00:06]} 14. e4 {[%emt 0:00:46]} Rad8 {[%emt 0:01:30]} 15. Rad1 {[%emt 0:02:38]} Bc8 {[%emt 0:00:54]} 16. h3 {[%emt 0:04:29]} Nh5 {[%emt 0:00:19]} 17. Kh2 {[%emt 0:05:47]} Bh6 {[%emt 0:07:09]} 18. Ne2 {[%emt 0:03:26]} f5 {[%emt 0:01:08]} 19. exf5 {[%emt 0:06:29]} gxf5 {[%emt 0:00:40]} 20. Bf3 {[%emt 0:02:33]} Nf6 {[%emt 0:00:35]} 21. Qc3 {[%emt 0:02:39]} e4 {[%emt 0:03:35]} 22. Bg2 {[%emt 0:01:22]} Bg7 {[%emt 0:06:53]} 23. Qc1 {[%emt 0:02:42]} e6 {[%emt 0:02:53]} 24. dxe6 {[%emt 0:01:51]} Bxe6 {[%emt 0:00:36]} 25. f3 {[%emt 0:09:06]} exf3 {[%emt 0:03:28]} 26. Bxf3 {[%emt 0:00:30]} Ne4 {[%emt 0:04:06]} 27. Bxg7 {[%emt 0:05:00]} Qxg7 {[%emt 0:00:21]} 28. Bxe4 {[%emt 0:00:39]} fxe4 {[%emt 0:00:05]} 29. Qe3 {[%emt 0:00:50]} (29. Rxd8 $16 Rxd8 30. Nc3) 29... Bf5 $2 {[%emt 0:01:48]} (29... Qe5 $14) 30. Nf4 $2 {[%emt 0:00:56]} ({Only move:} 30. Rxd8 $18 Rxd8 31. Rxf5) 30... Qh6 {[%emt 0:07:19]} ({Better is} 30... Rd4 $14) 31. h4 {[%emt 0:02:33]} Qc6 $2 {[%emt 0:06:04]} (31... a5 $16) 32. Rxd8 {[%emt 0:01:04]} Rxd8 {[%emt 0:00:05]} 33. Nd5 {[%emt 0:00:09]} Rxd5 {[%emt 0:01:01]} 34. cxd5 {[%emt 0:00:26]} Qxd5 {[%emt 0:00:41]} 35. Qf4 {[%emt 0:01:09]} (35. Qg5+ $142 Kf7 36. Rxf5+ Qxf5 37. Qxf5+ Kg7 38. Qxe4) 35... Bg6 {[%emt 0:01:52]} 36. Qf8# {[%emt 0:21:01]} 1-0

[Event "WWRR Elo 2018"]
[Site "Wachtebeke"]
[Date "2018.02.12"]
[Round "4"]
[White "Moens, Patrick"]
[Black "Dauw, Sterre"]
[Result "0-1"]
[WhiteElo "1870"]
[BlackElo "1942"]
[Annotator "NA RC"]
[PlyCount "74"]
[EventDate "2018.??.??"]
[EventCountry "BEL"]
[SourceTitle "playchess.com"]
[Source "ChessBase"]
[SourceQuality "1"]
[TimeControl "40/5400+30:900+30"]

{[%evp 8,74,-7,-8,12,1,22,26,21,16,18,6,22,0,13,-23,-34,-54,-48,-103,-60,-92,-69,-71,-45,-64,-43,-87,-88,-89,-104,-93,-91,-191,-264,-237,-169,-187,0,-217,0,-137,-131,-272,-276,-255,-278,-329,-344,-364,-363,-479,-491,-447,-352,-921,-489,-515,-526,-496,-451,-368,-477,-525,-550,-1786,-2137,-1916,-5804]} 1. b3 {[%emt 0:00:00]} e5 {[%emt 0:00:05]} 2. Bb2 {[%emt 0:00:00]} Nc6 {[%emt 0:00:05]} 3. e3 {[%emt 0:00:03]} Nf6 {[%emt 0:00:06]} 4. Bb5 {[%emt 0:00:34]} Bd6 {[%emt 0:00:05]} 5. Na3 {[%emt 0:00:07]} Na5 {[%emt 0:00:05] A01: Nimzowitsch-Larsen Opening} (5... e4 6. Nc4 Be7 7. Bxc6 dxc6 8. Ne2 O-O 9. O-O c5 10. Ng3 Re8 11. f3 exf3 12. Qxf3 Rf8 13. e4 {1-0 (31) Karjakin,S (2760)-Esipenko,A (2564) Riadh 2017}) 6. Be2 {[%emt 0:00:06]} c6 {[%emt 0:00:50]} 7. c4 {[%emt 0:00:09]} O-O {[%emt 0:08:31]} 8. Nc2 {[%emt 0:00:17]} b6 {[%emt 0:03:22]} 9. Nf3 {[%emt 0:02:54]} Re8 $146 {[%emt 0:06:04]} ({Predecessor:} 9... e4 10. Nfd4 Re8 11. f4 c5 12. Nf5 Bf8 13. g4 {0-1 (40) Grabuzova,T (2348)-Karjakin,S (2566) playchess.com INT 2004}) 10. d4 {[%emt 0:03:06]} e4 {[%emt 0:05:45]} 11. Nd2 {[%emt 0:03:55]} Bc7 {[%emt 0:01:30]} 12. Nf1 {[%emt 0:09:47]} d5 {[%emt 0:00:13]} 13. cxd5 {[%emt 0:00:21]} cxd5 {[%emt 0:00:19]} 14. Ng3 {[%emt 0:03:26]} Nc6 {[%emt 0:09:45]} 15. O-O {[%emt 0:01:20]} Ne7 {[%emt 0:07:49]} 16. Rc1 {[%emt 0:04:31]} g6 {[%emt 0:06:52]} 17. f4 {[%emt 0:04:02]} exf3 {[%emt 0:05:57]} 18. Rxf3 {[%emt 0:02:02]} Nf5 {[%emt 0:08:25]} 19. Nxf5 {[%emt 0:05:29]} Bxf5 {[%emt 0:00:23]} 20. h3 {[%emt 0:06:38]} (20. Rxf5 $17 gxf5 21. Qf1) 20... Qd6 {[%emt 0:06:57]} 21. Rf4 $1 {[%emt 0:24:43] [#]} Qe6 $2 {[%emt 0:05:33]} ({Black should play} 21... Rxe3 $1 $19 {[%mdl 512]} 22. Nxe3 Qxf4) 22. Rf3 $1 {[%emt 0:01:27]} Qd6 {[%emt 0:04:44]} 23. Rf4 {[%emt 0:03:56]} Qe6 {[%emt 0:04:25]} 24. Rf3 {[%emt 0:00:07]} Be4 {[%emt 0:00:05]} 25. Bb5 {[%emt 0:03:36]} (25. Rf1 $142) 25... Bxf3 {[%emt 0:06:56]} 26. Qxf3 {[%emt 0:00:18]} Re7 {[%emt 0:01:29]} 27. Rf1 {[%emt 0:01:30]} Ne4 {[%emt 0:01:09]} 28. Ba3 {[%emt 0:05:58]} Bd6 {[%emt 0:00:13]} 29. Bc1 {[%emt 0:02:22]} Rc8 {[%emt 0:00:17]} 30. Bd3 {[%emt 0:00:42]} Rc3 {[%emt 0:00:53]} 31. Bxe4 $2 {[%emt 0:02:25]} (31. Qd1) 31... Qxe4 {[%emt 0:00:54]} 32. Qxe4 {[%emt 0:01:30]} Rxe4 {[%emt 0:00:07]} 33. Na1 {[%emt 0:00:52]} Rc8 {[%emt 0:01:20]} 34. Bd2 {[%emt 0:00:43]} f5 {[%emt 0:00:18]} 35. Kf2 {[%emt 0:01:29]} f4 {[%emt 0:00:26]} 36. Rc1 {[%emt 0:01:11]} fxe3+ {[%emt 0:00:19]} 37. Bxe3 {[%emt 0:00:21] [#]} Bg3+ $19 {[%emt 0:00:27]} 0-1

[Event "WWRR Elo 2018"]
[Site "Wachtebeke"]
[Date "2018.02.12"]
[Round "5"]
[White "Hautot, Stephane"]
[Black "Beukema, Jasper"]
[Result "1/2-1/2"]
[WhiteElo "2368"]
[BlackElo "2273"]
[Annotator "TA"]
[PlyCount "81"]
[EventDate "2018.??.??"]
[EventCountry "BEL"]
[SourceTitle "playchess.com"]
[Source "ChessBase"]
[SourceQuality "1"]

{[%evp 9,81,-8,60,-21,35,0,54,45,48,20,67,70,85,92,77,111,88,30,38,35,68,-19,-6,-9,-6,-12,-1,-8,38,39,110,112,150,123,130,133,143,159,164,153,147,145,172,94,101,98,98,88,106,105,99,104,96,97,87,87,100,105,105,104,102,95,84,100,81,83,84,73,72,0,0,0,0,0]} 1. e4 e5 2. Nf3 Nc6 3. Bb5 Nge7 4. c3 d5 5. d3 (5. Nxe5 dxe4 6. Qe2 Be6 7. d4 exd3 8. Nxd3 Ng6 9. O-O Bd6 10. Nd2 O-O 11. Ne4 Re8 12. Bg5 f6 13. Be3 a6 14. Bxc6 bxc6 15. Nxd6 cxd6 {½-½ (53) Caruana,F (2767)-Sokolov,I (2653) Reykjavik 2012}) 5... Qd6 $146 (5... a6 $11 6. Ba4 dxe4 7. dxe4 Qxd1+ 8. Bxd1 Ng6) ({Find the theoretical novelty and annotate with similar games:} 5... dxe4 6. dxe4 Qxd1+ 7. Kxd1 Ng6 8. Kc2 Bc5 9. Be3 Bxe3 10. Bxc6+ bxc6 11. fxe3 f5 12. Nbd2 fxe4 {0-1 (48) Sosa,T (2405)-Alekseenko,K (2539) Porto Carras 2015}) 6. Qe2 {C60: Ruy Lopez: Unusual Black 3rd moves and 3...g6} ({Better is} 6. exd5 $1 $14 a6 7. Bxc6+ bxc6 8. dxc6) 6... dxe4 (6... Bg4 $11) 7. dxe4 $14 Bg4 ({Black should try} 7... a6 $11 8. Ba4 Qg6) 8. h3 {White is slightly better.} Bh5 9. Nbd2 {Threatens to win with g4.} a6 10. Ba4 b5 11. Bc2 Ng6 12. g3 Qf6 13. Qe3 (13. a4 $16 b4 14. Qc4 bxc3 15. bxc3 Bxf3 16. Nxf3) 13... Bd6 14. O-O ({Don't play} 14. g4 Nf4 $17) 14... Nf8 15. Qg5 (15. a4 $14 b4 16. a5) 15... Qxg5 $11 16. Nxg5 f6 17. Ngf3 {[%cal Bg5f3,Bf3h4,Bh4f5][%mdl 32]} Ne6 18. a4 $36 {[%mdl 2048] [#] Strongly threatening axb5. White has the initiative.} Ke7 19. Nh4 Bg6 (19... b4 $14) 20. Nf5+ $16 Kd7 21. Rd1 Ne7 22. Nb3 Rhc8 23. Be3 Bf7 24. Rd2 Nxf5 25. exf5 Nd8 26. Rad1 ({White should play} 26. Na5 $18) 26... Ke7 27. Nc5 Be8 28. Be4 Bc6 29. Bxc6 Nxc6 30. axb5 axb5 31. Nb7 Rcb8 32. Nxd6 cxd6 33. Rxd6 Nd4 34. Bxd4 ({Don't do} 34. cxd4 Kxd6 35. dxe5+ Kxe5 $14) 34... Kxd6 {[%mdl 4096] Endgame KRR-KRB} 35. Ba7+ $1 Kc6 36. Bxb8 Rxb8 37. Ra1 Rb7 38. Kf1 Kd5 39. b3 (39. g4 $16) 39... Ke4 $11 40. Ke2 Kxf5 41. Ra5 {Precision: White = 58%, Black = 52%.} 1/2-1/2

[Event "WWRR Elo 2018"]
[Site "Wachtebeke"]
[Date "2018.02.12"]
[Round "5"]
[White "Blom, Vincent"]
[Black "Van der Lende, Ilias"]
[Result "1-0"]
[WhiteElo "2242"]
[BlackElo "2384"]
[Annotator "TA"]
[PlyCount "71"]
[EventDate "2018.??.??"]
[EventCountry "BEL"]
[SourceTitle "playchess.com"]
[Source "ChessBase"]
[SourceQuality "1"]

{[%evp 23,70,64,64,55,77,72,81,80,101,68,77,65,68,30,85,59,76,26,29,21,19,0,6,7,12,5,20,29,21,19,107,107,107,109,108,116,504,105,529,196,164,18,29987,6287,29997,29998,29998,29999,29999]} 1. Nf3 d5 2. g3 Nf6 3. Bg2 e6 4. O-O Be7 5. b3 O-O 6. Bb2 c5 7. c4 Nc6 8. cxd5 Nxd5 9. d4 Bf6 {A14: English Opening: 1...e6 with b3 by White} (9... cxd4 10. Nxd4 Bd7 11. Nc3 Nxc3 12. Bxc3 Rc8 13. Nb5 Be8 14. Rc1 a6 15. Qxd8 Nxd8 16. Nd4 Ba3 17. Bb2 Rxc1 18. Bxc1 Bc5 19. Be3 Bxd4 20. Bxd4 {½-½ (32) Svidler,P (2765)-Yu,Y (2751) Riadh 2017}) 10. e4 {[%cal Be2e4,Be4e5][%mdl 32]} Ndb4 11. e5 Be7 12. a3 Na6 {LiveBook: 3 Games} 13. Nbd2 {[%cal Bb1d2,Bd2b3,Bb3d4][%mdl 32]} Nxd4 $146 ({Predecessor:} 13... cxd4 14. Nc4 Qc7 15. Rc1 Qb8 16. Nxd4 Rd8 17. Nxc6 bxc6 {1-0 (31) Ramirez,A (2586)-Bryant,J (2398) Phoenix 2015}) 14. Nxd4 cxd4 15. b4 Rb8 16. Nb3 Bd7 17. Nxd4 Nc7 18. Qe2 a6 (18... Ba4 $11 {remains equal.}) 19. Be4 Ba4 20. Qh5 {[%csl Ge4][%cal Rh5h7]} g6 21. Qg4 Qd7 22. Rac1 Nb5 23. Nxb5 Qxb5 24. h4 Qb6 25. h5 {[%cal Rh5g6]} Kg7 26. Kg2 a5 (26... Rfc8 $1 $11 {keeps the balance.}) 27. Bc3 $16 axb4 28. Bxb4 Bxb4 29. axb4 Qxb4 $2 {[%mdl 8192]} (29... Rfc8 $16 {is tougher.}) 30. hxg6 $2 (30. Rh1 $18 {is the precise move to win. hxg6 is the strong threat.} Qe7 31. hxg6 hxg6 32. Qf4) 30... hxg6 $2 {[%mdl 8192]} (30... h5 $16 31. Qf4 Qe7) 31. Rc7 $2 (31. Rh1 Bc6 32. Rxc6 bxc6 33. Qh4 Qxe4+ 34. Qxe4) 31... Kg8 $18 32. Rh1 $40 {[%mdl 128] White has some attack.} (32. Rb1 $1 $18 {[%cal Rb1b4]} Qd4 33. Qh4 (33. Rcxb7 $2 Rxb7 34. Rxb7 Bc6 $19) 33... Qxe5 34. Bxg6 $1 {[%mdl 512]} (34. Rcxb7 Rxb7 35. Rh1 Rfb8 $15) (34. Rh1 Kg7 $11) 34... Bc6+ 35. Kf1) 32... Bd1 $2 {[%mdl 8192]} (32... Bb3 $11) 33. Qf4 (33. Rxd1 $142 Rbc8 34. Rxb7 Qc4 35. Rdd7 Qb5 {[#]} 36. Qxg6+ $1 {[%mdl 512]} fxg6 37. Rg7+ Kh8 38. Rh7+ (38. Rxb5 Kxg7 39. Rb6 Rfe8 $15) 38... Kg8 39. Rbg7# (39. Rxb5 Kxh7 40. Rb6 Rc4 $11)) 33... f5 {[#]} 34. Rh8+ $1 {[%mdl 512] White mates.} Kxh8 35. Qh6+ Kg8 36. Qg7# {Precision: White = 43%, Black = 26%.} 1-0